Leaders of Germany Since 1900 - Statistics

General Stats
  • This quiz has been taken 127 times
  • The average score is 11 of 42
Answer Stats
Answer % Correct
Adolf Hitler
97%
Angela Merkel
79%
Olaf Scholz
70%
Wilhelm II
70%
Paul von Hindenburg
62%
Konrad Adenauer
58%
Helmut Kohl
52%
Willy Brandt
49%
Gerhard Schroder
46%
Karl Donitz
41%
Helmut Schmidt
40%
Erich Honecker
36%
Friedrich Ebert
36%
Friedrich Ebert Jr.
36%
Ludwig Erhard
32%
Frank-Walter Steinmeier
30%
Kurt Georg Kiesinger
27%
Walter Ulbricht
27%
Joachim Gauck
21%
Erich Ludendorff
20%
Walter Scheel
15%
Joseph Stalin
14%
Egon Krenz
12%
Horst Kohler
12%
Theodor Heuss
12%
Christian Wulff
11%
Wilhelm Pieck
10%
Johannes Rau
9%
Richard von Weizsacker
9%
Roman Herzog
9%
Heinrich Lubke
8%
Karl Carstens
8%
Gustav Heinemann
7%
Lothar de Maizière
7%
Otto Grotewohl
7%
Willi Stoph
7%
Hans Modrow
5%
Sabine Bergmann-Pohl
5%
Horst Seehofer
4%
Jens Bohrnsen
4%
Johannes Dieckmann
4%
Manfred Gerlach
4%
No matching quizzes found
Score Distribution
Percent of People with Each Score
Percentile by Number Answered
Your Score History
You have not taken this quiz